000 00503nam a2200181Ia 4500
005 20250326125626.0
008 250326s9999 xx 000 0 und d
037 _aTextbook
040 _aFMSL
_beng
_cFMSL
041 _aeng
_2eng
084 _aX:8y7.56 L1
_qFMSL
100 _aMcfadyen E
_9739387
245 0 _aVoluntarygroup trading 6 case studies
_cMcfadyen E
260 _aLondon
_bLondon, H M S O
_c1971
300 _a52p
942 _cTB
_hX:8y7.56 L1
999 _c1278845
_d1278845